000 01210nac a22003011u 4500
010 _a 2006278121
020 _a0745324320 (hardback)
020 _a0745324312 (paperback)
035 _a(OCoLC)ocm65181207
082 _a327.73056700905
_bROG
090 _c6799
_d6799
100 _aRogers, Paul,
245 1 2 _aA war too far :
_bIraq, Iran and the new american century /
_cPaul Rogers.
260 _aLondon :
_bPluto Press,2006
_c2006.
300 _axii, 300 p. ;
_c21 cm.
500 _aIncludes index.
500 _adistributer: Al-Ahram
511 _acatalogued by: wessam
650 0 _aIraq War, 2003-
650 0 _aWar on Terrorism, 2001-
651 0 _aIraq
_xPolitics and government
_y2003-
651 0 _aUnited States
_xForeign relations
_zIraq
651 0 _aIraq
_xForeign relations
_zUnited States.
856 4 1 _3Table of contents only
_uhttp://www.loc.gov/catdir/toc/fy0708/2006278121.html
856 4 1 _3Publisher description
_uhttp://www.loc.gov/catdir/enhancements/fy0668/2006278121-d.html
942 _cBB
_k327.73056700905ROG
999 _c6799
_d6799